00000000nam 2200000zi 4500
0019.945280
003CaOODSP
00520241121094721
006m     o  d f      
007cr mn|||||||||
008241118s1971    oncd    ob   f100 0 eng d
040 |aCaOODSP|beng|erda|cCaOODSP
043 |an-cn---
0861 |aCo41-1/6BE-PDF|zCo41-1/6B
1112 |aSeminar on Access to Information |d(1970 : |cCarleton University)
24510|aReport of the Seminar on Access to Information : |bhow to know and be known / |cco-sponsored by the Department of Communications and the Department of Regional and Economic Expansion.
24634|aReport on the Seminar on Access to Information
264 1|aOttawa : |bDepartment of Communications, |c1971.
300 |a1 online resource (52 pages, 4 unnumbered pages) : |billustrations, charts.
336 |atext|btxt|2rdacontent
337 |acomputer|bc|2rdamedia
338 |aonline resource|bcr|2rdacarrier
4901 |aTelecommission study ; |v6(b)
500 |aIssued also in French under title: Rapport du séminaire sur l'accès à l'information : comment connaître et être connu.
500 |aDigitized edition from print [produced by Innovation, Science and Economic Development Canada].
504 |aIncludes bibliographical references.
650 0|aFreedom of information|vCongresses.
650 0|aInformation services|xEconomic aspects|zCanada|vCongresses.
650 0|aKnowledge, Sociology of|vCongresses.
650 0|aTelecommunication|zCanada|vCongresses.
655 7|aConference papers and proceedings|2lcgft
7101 |aCanada. |bDepartment of Communications, |eissuing body.
77508|tRapport du séminaire sur l'accès à l'information : |w(CaOODSP)9.945281
830#0|aTelecommission study ;|v6(b).|w(CaOODSP)9.927947
85640|qPDF|s1.88 MB|uhttps://publications.gc.ca/collections/collection_2024/isde-ised/co41-1/Co41-1-6B-eng.pdf